000
00313nam a2200121Ia 4500
008
210430s9999 xx 000 0 und d
082
_a
150.1986S5241A
100
_a
Qasim Ali Shah
245
_a
Apni Talash (اپنی تلاش) /
_c
Qasim Ali Shah
260
_a
Lahore
_c
2017
300
_a
176p.
942
_c
BK
_2
ddc
999
_c
565940
_d
565940